Dicionário Inglês - Português Português - Inglês (Record no. 42770)
[ view plain ]
| 000 -Etiqueta do registo | |
|---|---|
| Valores | 00411nam a2200169 4500 |
| 100 ## - Dados gerais de processamento | |
| Dados gerais | 20240227 pory50 |
| 101 ## - Língua de publicação | |
| Língua | por |
| -- | ing |
| 102 ## - País de publicação | |
| País | PT |
| 200 ## - Titulo e menção de responsabilidade | |
| Título próprio | Dicionário Inglês - Português Português - Inglês |
| 210 ## - Publicação | |
| Local de publicação | Porto |
| Nome do editor | Porto editora |
| Data de publicação | [S.d.] |
| 215 ## - Descrição física | |
| Paginação / Volumes | 750 p. |
| 225 ## - Colecção | |
| Título próprio da colecção | Dicionários académicos |
| 675 ## - CDU | |
| Notação | (038) |
| 801 ## - Fonte de origem | |
| País | PT |
| Regras de catalogação | RPC |
| 990 ## - Elementos KOHA | |
| Tipo de documento | Livro |
No items available.